LIBRARY & INFORMATION CENTRE, KCAET, TAVANUR

ONLINE PUBLIC ACCESS CATALOGUE (OPAC)

Let us C / (Record no. 15422)

MARC details
000 -LEADER
fixed length control field 00310cam a2200133ua 4500
020 ## - INTERNATIONAL STANDARD BOOK NUMBER
ISBN 9788183331630
082 ## - DEWEY DECIMAL CLASSIFICATION NUMBER
Classification number 005.133
Item number KAN/LE
100 ## - MAIN ENTRY--AUTHOR NAME
Personal name Kanetkar, Yashavant P .
245 ## - TITLE STATEMENT
Title Let us C /
250 ## - EDITION STATEMENT
Edition statement 5
260 ## - PUBLICATION, DISTRIBUTION, ETC. (IMPRINT)
Place of publication New Delhi :
Name of publisher B P B Publishers ,
Year of publication 2007.
300 ## - PHYSICAL DESCRIPTION
Number of Pages 632 ; .
942 ## - ADDED ENTRY ELEMENTS (KOHA)
Koha item type Books
Holdings
Withdrawn status Lost status Damaged status Collection code Home library Current library Shelving location Date acquired Source of acquisition Cost, normal purchase price Full call number Accession Number Koha item type
        KAUAET KAUAET General Stacks 31/03/2018 Aman Books, Calicut 297.00 005.133 KAN/LE 25619 Books
        KAUAET KAUAET General Stacks 31/03/2018 Aman Books, Calicut 297.00 005.133 KAN/LE 25620 Books
free website counter